000 01254nam a22003617a 4500
001 4279402
003 OSt
005 20210426092439.0
008 851202s1986 caua b 001 0 eng c
010 _a 85030623
020 _a0201126842
040 _aDNLM/DLC
_cDLC
_deng
_beng
041 _aeng
050 0 0 _aRT98
_b.F36 1986
060 _aWY 106 L831f
080 _a614
_bL-85
082 0 0 _a610.73/43
_219
245 0 0 _aFamily-centered nursing in the community /
_c[edited by] Barbara Bryan Logan, Cecilia E. Dawkins.
_b/ by: Addison-Wesley, Health Sciences Division
260 _aMenlo Park, Calif. :
_bAddison-Wesley, Health Sciences Division,
_cc1986.
300 _axix, 809 p. :
_bill. ;
_c25 cm.
504 _aIncludes bibliographies and index.
650 0 _aCommunity health nursing.
650 0 _aPublic Health
_9337
650 0 _aFamily medicine.
650 2 _aCommunity Health Nursing.
650 2 _aFamily
_xnurses' instruction.
653 _aსაზოგადოებრივი ჯანდაცვა
653 _aსაოჯახო მედიცინა
700 1 _aDawkins, Cecilia E.
700 1 _aLogan, Barbara Bryan,
_d1943-
906 _a7
_bcbc
_corignew
_d1
_eocip
_f19
_gy-gencatlg
942 _2udc
_cBK
999 _c838
_d838